| 000 | 00570nam a2200181Ia 4500 | ||
|---|---|---|---|
| 999 |
_c16374 _d16374 |
||
| 003 | OSt | ||
| 005 | 20200606115914.0 | ||
| 008 | 190216s9999||||xx |||||||||||||| ||und|| | ||
| 020 | _a8176210978 | ||
| 040 | _cMESKC library | ||
| 082 |
_a616.12064 _bCHH/H |
||
| 100 | 1 |
_aChhajer, Bimal _9176 |
|
| 245 | 0 |
_aHridaya Rog Se Mukti = Reversal of Heart Disease in 5 Easy Steps/ _cDr. Bimal Chhajer |
|
| 260 |
_bFull Circle Publishers, _aNew Delhi : _c2006. |
||
| 300 | _a312p | ||
| 650 | _aHindi | ||
| 942 |
_cBK _2ddc _h616.12064 _iCHH/H _k616.12064 _mCHH/H |
||